Report of the Governing Body of the International Labour Office on the working of the convention (no. 29) concerning forced or compulsory labour, 1930. (Record no. 36716)
[ view plain ]
| 000 -LEADER | |
|---|---|
| fixed length control field | 01029cam a22002651 4500 |
| 001 - CONTROL NUMBER | |
| control field | l 51000002 |
| 003 - CONTROL NUMBER IDENTIFIER | |
| control field | DLC |
| 005 - DATE AND TIME OF LATEST TRANSACTION | |
| control field | 20260227111542.0 |
| 008 - FIXED-LENGTH DATA ELEMENTS--GENERAL INFORMATION | |
| fixed length control field | 821006s1949 sz 100 0 eng c |
| 010 ## - LIBRARY OF CONGRESS CONTROL NUMBER | |
| LC control number | l 51000002 |
| 035 ## - SYSTEM CONTROL NUMBER | |
| System control number | (OCoLC)8835189 |
| 040 ## - CATALOGING SOURCE | |
| Original cataloging agency | U.S. Dept. of Labor. |
| Transcribing agency | ICarbS |
| Modifying agency | DLC |
| 042 ## - AUTHENTICATION CODE | |
| Authentication code | premarc |
| 050 00 - LIBRARY OF CONGRESS CALL NUMBER | |
| Classification number | HF4871 |
| Item number | .I5 1949 |
| 082 ## - DEWEY DECIMAL CLASSIFICATION NUMBER | |
| Classification number | 331.57 |
| 110 2# - MAIN ENTRY--CORPORATE NAME | |
| Corporate name or jurisdiction name as entry element | International Labour Office. |
| 245 10 - TITLE STATEMENT | |
| Title | Report of the Governing Body of the International Labour Office on the working of the convention (no. 29) concerning forced or compulsory labour, 1930. |
| 260 ## - PUBLICATION, DISTRIBUTION, ETC. | |
| Place of publication, distribution, etc. | Geneva, |
| Date of publication, distribution, etc. | 1949. |
| 300 ## - PHYSICAL DESCRIPTION | |
| Extent | 23 p. |
| Dimensions | 32 cm. |
| 500 ## - GENERAL NOTE | |
| General note | At head of title: International Labour Conference. 32d sess., Geneva, 1949. |
| 500 ## - GENERAL NOTE | |
| General note | This "second quinquennial report" covers a period of eleven years. |
| 500 ## - GENERAL NOTE | |
| General note | First quinquennial report was submitted to the 23d sess., 1937. |
| 650 #0 - SUBJECT ADDED ENTRY--TOPICAL TERM | |
| Topical term or geographic name entry element | Service, Compulsory non-military. |
| 711 2# - ADDED ENTRY--MEETING NAME | |
| Meeting name or jurisdiction name as entry element | International Labor Conference. |
| Number of part/section/meeting | 32d sess., |
| Location of meeting | Geneva, |
| Date of meeting or treaty signing | 1949. |
No items available.